| 000 | 00969nam a22001935i 4500 | ||
|---|---|---|---|
| 001 | 160730 | ||
| 003 | ES-MaACL | ||
| 005 | 20230906212121.0 | ||
| 008 | 020129s1861 sp |||| | spa d | ||
| 040 |
_aCAM _bspa _cCAM |
||
| 100 | 1 |
_aNogués, José María. _9130515 |
|
| 245 | 1 | 0 |
_aGenaro el gondolero _b: drama lírico en tres actos y en verso / _cletra de José María Nogués ; música de Antonio Rovira. |
| 260 |
_aMadrid : _b[s.n.], _c1861 ( _fImprenta de José Rodríguez) |
||
| 300 |
_a60 p. ; _c19 cm. |
||
| 500 | _aEn port.: Representado por primera vez en el teatro del Circo lírico-dramático la nochel del dia 6 de diciembre de 1861. | ||
| 596 | _aAl v. de port. consta : "... Administracion Lírico-dramática..." | ||
| 700 | 1 |
_aRovira Viñas, Antonio. _9100158 |
|
| 852 |
_aES-MaACL _jF-8620(10) _z-- Enc. pasta española _q-- Falto de la cub. original _z--Enc. en un vol. facticio formando parte de la col. facticia "Teatro español moderno", vol. 75 |
||
| 999 |
_c160730 _d160730 |
||